000 00820nam a22002417a 4500
001 63816
003 UA-OsUOA
005 20220516105216.0
007 ta
008 20091020b un ||||| |||| 00| 0 ukr d
040 _aUA-OsUOA
_brus
_cUA-OsUOA
_dUA-OsUOA
041 _arus
080 _a94(47+57)
090 _a94(47+57)
_bП27
245 _aПереписка председателя совета министров СССР с президентами США и премьер-министрами Великобритании во время Великой Отечественной войны
260 _aМ.
_c1957
300 _a294 с.
505 _gТ. 2
650 7 _a94 Історія
_2UDC
942 _cBK
_2udc
955 _a2
999 _c349891
_d349891